Statistiken für Weltrekorde zuordnen

Klicken Sie hier um das Quiz zu spielen!

Allgemein

  • Dieses Quiz wurde 527 mal gespielt
  • Das Durchschnittsergebnis liegt bei 4 aus 10

Antwortstatistiken

HintAntwort% Korrekt
100m SprintUsain Bolt
94%
StabhochsprungArmand Duplantis
53%
100m Sprint FrauenFlorence Griffith-Joyner "Flo-Jo"
53%
WeitsprungMike Powell
46%
DiskuswurfJürgen Schult
44%
Marathon der MännerKelvin Kiptum
41%
Marathon der FrauenTigist Assefa
40%
HochsprungJavier Sotomayor
28%
50 Meter RückenKaylee McKeown
20%
400m LaufWayde Van Niekerk
20%

Verteilung der Resultate

Perzentil nach korrekt beantworteten Fragen

Anzahl Personen mit jedem Resultat

Ihre Resultats-Entwicklung

Sie haben dieses Quiz noch nicht gespielt